000 00899cam a2200265 a 4500
001 000014046
005 20200929163442.0
008 881020s1988 sp ac b 001 0 spa
020 _a8470394754
040 _aDO-SdBNP
_cDLC
_dDLC
082 _a861.5
_bA454h
100 1 _aAlonso, Dámaso,
_d1898-1990
_98769
245 1 0 _aHijos de la ira /
_cDámaso Alonso ; edición, introducción y notas de Miguel J. Flys.
260 _aMadrid :
_bCastalia,
_c1988.
300 _a176 p. :
_bil., retrs. ;
_c18 cm.
490 1 _aClásicos castalia
_v152
504 _aIncluye bibliografía (p. 59-63).
650 4 _aPoesía española
_9631
650 4 _aLiteratura española
_9632
700 1 _aFlys, Miguel J.
_eed.
_931818
830 0 _aClásicos castalia ;
_v152
_923367
856 4 2 _3Publisher description
_uhttp://www.loc.gov/catdir/enhancements/fy0836/87132872-d.html
910 _aDC
049 _aBNGR
999 _c13648
_d13648